000 00796nas a2200253 4500
001 BR0804576
003 BR-BrBNA
005 20231205111838.0
007 ta
008 230509b bl.|||p| |||| 00| 00por d
040 _aBR-BrBNA
_bpor
_cBiblioteca Nacional de Agricultura
041 _a(Pt)
072 _aF01; F02
100 1 _aReghin, M.Y.
100 1 _aOtto, R.F.
100 1 _aVinne, J.V.D.
245 1 _aTamanho da célula de diferentes bandejas na produção de mudas e no cultivo do pack choi na presença e ausência do agrotêxtil
650 _aREPOLHO CHINES
650 _aMUDA
650 _aCÉLULA VEGETAL
773 0 _tScientia Agraria (Brazil)
_xISSN 1519-1125
_g(2003), v. 4(1-2) p. 61-67
_wBR0804576
909 _a202311
_bLúcia
_c55
_dLúcia Elande
942 _2AGRIS
_n0
_cANA
999 _c194772
_d194772